| Tag |
First Indicator |
Second Indicator |
Subfields |
| LEADER |
00000cam a22000008i 4500 |
| 001 |
in00000471221 |
| 005 |
20151013051034.0 |
| 008 |
750829s1976 ilu j b 00111 eng |
| 010 |
|
|
|a 75029030
|
| 020 |
|
|
|a 0673150001 :
|c $15.95
|
| 035 |
|
|
|a (OCoLC)01659584
|
| 035 |
|
|
|9 ACA8036AM
|
| 040 |
|
|
|a DLC
|c DLC
|d TXA
|d UtOrBLW
|
| 049 |
|
|
|a TXAM
|c [1152969]
|
| 050 |
0 |
0 |
|a PZ5.A64
|b Ar13
|
| 082 |
0 |
|
|a 808.8/99282
|
| 100 |
1 |
|
|a Arbuthnot, May Hill,
|d 1884-1969.
|
| 245 |
1 |
4 |
|a The Arbuthnot anthology of children's literature /
|c [compiled by] May Hill Arbuthnot and Dorothy M. Broderick [and others] ; illustrated by Rainey Bennett [and others].
|
| 250 |
|
|
|a 4th ed. /
|b rev. by Zena Sutherland.
|
| 264 |
|
1 |
|a Glenview, Ill. :
|b Scott, Foresman,
|c [1976]
|
| 264 |
|
4 |
|c ©1976
|
| 300 |
|
|
|a xxii, 1088 pages :
|b illustrations ;
|c 26 cm.
|
| 336 |
|
|
|a text
|b txt
|2 rdacontent
|
| 337 |
|
|
|a unmediated
|b n
|2 rdamedia
|
| 338 |
|
|
|a volume
|b nc
|2 rdacarrier
|
| 500 |
|
|
|a Includes indexes.
|
| 504 |
|
|
|a Bibliography pages 985-[1074].
|
| 520 |
|
|
|a A collection of poetry, folklore, fantasy, short stories, biographies, and other non-fiction. Includes a history and discussion of children's literature with suggestions for using this literature with children.
|
| 650 |
|
0 |
|a Children's literature.
|
| 650 |
|
1 |
|a Literature
|x Collections.
|
| 700 |
1 |
|
|a Bennett, Rainey.
|
| 700 |
1 |
|
|a Sutherland, Zena.
|
| 999 |
|
|
|a MARS
|
| 999 |
f |
f |
|s 259966cd-a1e4-31ce-bc04-6824a301e654
|i 8af0db48-90ce-393e-ac5d-d93aada7b9c4
|t 0
|
| 952 |
f |
f |
|p normal
|a Texas A&M University
|b College Station
|c Sterling C. Evans Library
|d Evans: Library Stacks
|t 0
|e PZ5.A64 Ar13
|h Library of Congress classification
|i unmediated -- volume
|m A14805890342
|
| 998 |
f |
f |
|a PZ5.A64 Ar13
|t 0
|l Evans: Library Stacks
|